000 00775nam a2200217 i 4500
001 58192
003 ES-MaACL
005 20230906163739.0
007 t|
008 231021s1973 sp |||| | spa d
100 1 _aDurán, Armando.
_946171
245 1 0 _aEstructura y técnicas de la novela sentimental y caballeresca /
_cArmando Durán.
260 _aMadrid :
_bGredos,
_c[1973]
300 _a182 p. ;
_c21 cm.
490 1 _aBiblioteca románica hispánica. II. Estudios y ensayos ;
_v184
650 4 _aNovela sentimental-
_xHistoria y crítica.
_9168969
650 4 _aLibros de caballería-
_xHistoria y crítica.
_914446
830 0 _aBiblioteca románica hispánica. II. Estudios y ensayos ;
_v184
_9178108
852 _aES-MaACL
_jC-52517
999 _c58192
_d58192